Szczegóły MARC21

Factfulness : dlaczego świat jest lepszy, niż myślimy, czyli jak stereotypy zastąpić realną wiedzą /

003 -Nazwa inst., której nr kontr. jest w polu 001 [,]
    • @
    • Nazwa instytucji, której n kontrolny jest w polu 001
    • NUKAT
005 -DATA I CZAS OSTATNIEJ MODYFIKACJI [,]
    • @
    • pole kontrolne
    • 20241231093026.0
020 -Międzynarod. znormalizowany nr książki - ISBN [ , ]
    • a
    • Numer ISBN
    • 9788380084995 Find
040 -Instytucja sporządzająca opis [ , ]
    • a
    • Instytucja, która sporządziła opis (NP)
    • SZCZ U/AB
    • b
    • Język katalogowania
    • pol
    • e
    • Zasady katalogowania
    • rda
    • c
    • Instytucja, która sporządziła rekord (NP)
    • SZCZ U/ABs
    • d
    • Instytucja, która zmodyfikowała rekord (P)
    • SZCZ U/MC
    • d
    • Instytucja, która zmodyfikowała rekord (P)
    • WA U/BM
    • d
    • Instytucja, która zmodyfikowała rekord (P)
    • WR O/KP
041 -Język dokumentu [1, ]
    • a
    • Język tekstu (P)
    • polski
    • h
    • Język tekstu oryginalnego i/lub pośredniego (P)
    • angielski
942 -Rodzaj dokumentu [ , ]
    • c
    • Rodzaj dokumentu
    • Książka
100 -Hasło główne - nazwa osobowa [1, ]
    • a
    • Nazwa osobowa (NP)
    • Rosling, Hans
    • d
    • Daty biograficzne (NP)
    • (1948-2017).
    • e
    • Rodzaj współpracy
    • Autor
    • 9
    • KHW
    • 475887
240 -Tytuł ujednolicony [1,0]
    • a
    • Tytuł ujednolicony
    • Factfulness
    • l
    • Język tekstu
    • (pol.)
    • 9
    • KHW
    • 478050
245 -Strefa tytułu i oznaczenia odpowiedzialności [1,0]
    • a
    • Tytuł
    • Factfulness : Find
    • b
    • Ciąg dalszy tytułu (NP)
    • dlaczego świat jest lepszy, niż myślimy, czyli jak stereotypy zastąpić realną wiedzą / Find
    • c
    • Pozostałe elementy strefy tytułu i oznaczenia odpowiedzialności (NP)
    • Hans Rosling, Ola Rosling, Anna Rosling Rönnlund ; tłumaczyła Monika Popławska.
246 -Wariant tytułu [1, ]
    • i
    • Tekst wyświetlany na ekranie monitora (NP)
    • Tytuł oryginału:
    • a
    • Tytuł (NP)
    • Factfulness
260 -Strefa adresu wydawniczego [ , ]
    • a
    • Miejsce wydania (P)
    • Poznań :
    • b
    • Nazwa wydawcy (P)
    • Media Rodzina,
    • c
    • Data wydania (P)
    • © 2018.
300 -Strefa opisu fizycznego [ , ]
    • a
    • Określenie formy książki i/lub objętość (NP)
    • 366, [1] strona :
    • b
    • Oznaczenie ilustracji (NP)
    • ilustracje ;
    • c
    • Format (NP)
    • 22 cm.
336 -Typ zawartości [ , ]
    • a
    • Termin opisujący typ zawartości
    • Tekst
    • b
    • Kod określający zawartość
    • txt
    • 2
    • Źródło (terminu i kodu)
    • rdacontent
337 -Typ mediów [ , ]
    • a
    • Tryb odtwarzania
    • Bez urządzenia pośredniczącego
    • b
    • Kod typu mediów
    • n
    • 2
    • Źródło (terminu i kodu)
    • rdamedia
338 -Typ/rodzaj nośnika [ , ]
    • a
    • Hasło opisujące typ nośnika
    • Wolumin
    • b
    • Kod typu nośnika
    • nc
    • 2
    • Źródło (terminu i kodu)
    • rdacarrier
504 -Uwaga dot. bibliogr. załącznikowej [ , ]
    • a
    • Uwaga dot. bibliografii załącznikowej
    • Bibliografia na stronach 325-347. Indeks.
650 -Hasło przedmiotowe [ ,7]
    • a
    • Hasło przedmiotowe
    • Rzeczywistość.
    • 2
    • Źródło terminu
    • kaba
    • 9
    • KHW
    • 128993
650 -Hasło przedmiotowe [ ,7]
    • a
    • Hasło przedmiotowe
    • Myślenie krytyczne.
    • 2
    • Źródło terminu
    • kaba
    • 9
    • KHW
    • 153899
650 -Hasło przedmiotowe [ ,7]
    • a
    • Hasło przedmiotowe
    • Stereotyp (psychologia).
    • 2
    • Źródło terminu
    • kaba
    • 9
    • KHW
    • 131199
700 -Hasło dodatkowe - nazwa osobowa [1, ]
    • a
    • Nazwa osobowa (NP)
    • Rosling, Ola Find
    • d
    • Daty biograficzne (NP)
    • (1975- ).
    • e
    • Określenie rodzaju współpracy
    • Autor
    • 9
    • KHW
    • 475888
700 -Hasło dodatkowe - nazwa osobowa [1, ]
    • a
    • Nazwa osobowa (NP)
    • Rosling Rönnlund, Anna Find
    • d
    • Daty biograficzne (NP)
    • (1975- ).
    • e
    • Określenie rodzaju współpracy
    • Autor
    • 9
    • KHW
    • 475889
700 -Hasło dodatkowe - nazwa osobowa [1, ]
    • a
    • Nazwa osobowa (NP)
    • Popławska, Monika. Find
    • e
    • Określenie rodzaju współpracy
    • Tłumaczenie
    • 9
    • KHW
    • 475886
710 -Hasło dodatkowe - nazwa ciała zbiorowego [2, ]
    • a
    • Nazwa ciała zbiorowego lub nazwa geograficzna jako pierwszy element (NP)
    • Media Rodzina (Poznań).
    • e
    • Rodzaj współpracy
    • Wydawca
    • 4
    • Kod relacji
    • pbl
    • 9
    • KHW
    • 67487
920 -ISBN [ , ]
    • a
    • ISBN
    • 978-83-8008-499-5 Find
Data inwentaryzacji Lokalizacja Status udost. Numer inwentarzowy
2021-11-16BE-2E.80619
2021-11-16BE-2S.97567
2018-12-05BG1Z.123274
2018-12-05BG-3WM.22763
2018-12-05BG-3WM.22764
2021-02-08BNS1H.35177
2021-02-08BNS-3H.35178